Países del Caribe - Estadísticas

Estadísticas generales
  • Esta prueba ha sido intentada 264 veces
  • La puntuación promedio es 10 de 13
Estadísticas de respuestas
Respuesta % Correcto
República Dominicana
90%
Cuba
89%
Haití
89%
Jamaica
81%
Trinidad y Tobago
79%
Santa Lucía
78%
Granada
76%
Bahamas
75%
Barbados
75%
San Vicente y las Granadinas
75%
Dominica
70%
San Cristóbal y Nieves
70%
Antigua y Barbuda
69%
No se encontraron pruebas coincidentes
Distribución de puntuación
Porcentaje de gente con cada puntuación
Porcentaje por número respondido
Historial de tus puntuaciones
No has intentado esta prueba.